000 00678nam a2200241Ia 4500
003 OSt
005 20220817101216.0
008 220817b |||||||| |||| 00| 0 eng d
020 _a0 13 196877 7
040 _cIFM Library
082 _a658.4038011
100 _aMcNurlin, Barbara C.
_97575
245 _aInformation Systems Management in Practice
250 _a7th ed.
260 _aUpper Saddle River, N. J.:
260 _bPearson/Prentice Hall
260 _c2006
300 _axxv, 642p.
_b : ill.; 24cm
500 _aIncludes Bibliographical References and Index
650 _aInformation Systems
_97576
700 _aSprague, Ralph H.
_97577
942 _cBK
_2ddc
_n0
999 _c3840
_d3840